Filme erraten mit Bildern - Buchstabe G - Statistiken

Allgemein
  • Dieses Quiz wurde 306 mal gespielt
  • Das Durchschnittsergebnis liegt bei 7 aus 16
Antwortstatistiken
Bildquiz Antwort % Korrekt
Ghostbusters
94%
Ghost - Nachricht von Sam
94%
Der Grinch
92%
Godzilla vs. Kong
86%
Der Glöckner von Notre Dame
85%
GoodFellas
49%
Gravity
33%
Gemini Man
32%
Die Goonies
27%
Die Geister die ich rief
22%
Gilbert Grape - Irgendwo in Iowa
22%
Gesetz der Rache
20%
Gänsehaut
13%
Geboren am 4. Juli
13%
Geschenkt ist noch zu teuer
8%
Ghost Dad
6%
Keine übereinstimmenden Quizze gefunden
Verteilung der Resultate
Anzahl Personen mit jedem Resultat
Perzentil nach korrekt beantworteten Fragen
Ihre Resultats-Entwicklung
Sie haben dieses Quiz noch nicht gespielt